| 000 | 01097nam a2200325Ia 4500 | ||
|---|---|---|---|
| 003 | OSt | ||
| 005 | 20220912144727.0 | ||
| 006 | a|||||r|||| 00| 0 | ||
| 007 | ta | ||
| 008 | 220909b |||||||| |||| 00| 0 eng d | ||
| 020 | _a9781119968665 (hbk) | ||
| 020 | _aSL01561984 | ||
| 024 | _a190887 | ||
| 037 | _b2500, 16/07/2014, Ashutosh Technical Books | ||
| 037 | _cTextbook | ||
| 040 |
_aCSL _beng _cCSL |
||
| 041 | _aeng | ||
| 082 | _aH413:(U287), Q3 TH | ||
| 100 | _aGoldman Charles R Ed.; Kumagai Michio Ed.; Robarts Richard D Ed. | ||
| 245 | 0 | _aClimatic change and global warming of inland waters | |
| 260 |
_aWest Sessex _bJohn Wiley _c2013 |
||
| 300 | _axxiv, 472p. | ||
| 500 | _aIndex 461-472p. | ||
| 650 | _a Climate change impact | ||
| 650 | _a Water Resources | ||
| 650 | _aGeology | ||
| 700 | _aGoldman Charles R Ed.; Kumagai Michio Ed.; Robarts Richard D Ed. | ||
| 942 |
_hH413:(U287), Q3 TH _cTB _2CC |
||
| 999 |
_c16783 _d16783 |
||